Slovenský Raj

Bibliographic Details
Format: Photo
Language:Slovak
PhysicalDescription:1 pohľadnica (6 čiastkových pohľadov) čiernobiela 9 x 14 cm
Published: Sp. Nová Ves KČST [1934]
Subjects:

MARC

LEADER 00000ckm a2200000 a 4500
001 vtls010262470
003 SK-MaSNL
005 20260301172947.0
007 kf bo
008 231214q1934 xo g kuslo
015 |a SNBG 
035 |a 7E16572B-71CB-42D8-A4D7-3D648B8418B7 
035 |a urn:nbn:sk:snk-kmxvkl 
035 |a urn:nbn:sk:snk-km007b3a 
040 |a SNK  |b slo  |c SNK  |e AACR2 
041 0 |a slo 
043 |a e-xo--- 
044 |a xo  |c SK 
080 |a 908(437.6)  |2 2001 
080 |a 551.435.14(282.3)  |2 2001 
080 |a (084.121)  |2 2001 
245 0 0 |a Slovenský Raj  |h grafika 
260 |a Sp. Nová Ves  |b KČST  |c [1934] 
300 |a 1 pohľadnica (6 čiastkových pohľadov)  |b čiernobiela  |c 9 x 14 cm 
650 0 7 |a vodopády  |2 SNKPH  |9 55574 
651 7 |a Slovenský raj (Slovensko : pohorie)  |2 SNKPH  |9 65478 
655 7 |a miestne pohľadnice  |2 SNKPH  |9 70510 
752 |a Slovensko  |d Spišská Nová Ves 
852 |a Slovenská národná knižnica 
958 |a GC 
958 |a GBN 
958 |a OND 
999 |c 835287  |d 837217 
952 |a SNK  |b SNK  |y PREZ  |7 0  |p 17A0693357  |o snkSP 187  |0 0  |1 0  |4 0  |d 2011-03-09  |f 1  |l 0  |r 2026-02-24 03:51:33  |w 2026-02-24